ბათუმის შოთა რუსთაველის სახელმწიფო უნივერსიტეტის ბიბლიოთეკა

ახალი ფილოსოფიის ისტორია.ნ.1 (ბიბ.ჩანაწერი № 34791)

000 -LEADER
fixed length control field 01013nam a2200265Ia 4500
001 - CONTROL NUMBER
control field 601
003 - CONTROL NUMBER IDENTIFIER
control field GE_BSU
008 - FIXED-LENGTH DATA ELEMENTS--GENERAL INFORMATION
fixed length control field 181216s||||||||xx |||||||||||||| ||und||
020 ## - INTERNATIONAL STANDARD BOOK NUMBER
International Standard Book Number 9941021404
040 ## - CATALOGING SOURCE
Transcribing agency GE_BSU
080 ## - UNIVERSAL DECIMAL CLASSIFICATION NUMBER
Universal Decimal Classification number 1(09)
100 ## - MAIN ENTRY--PERSONAL NAME
Personal name თევზაძე, გურამ
245 ## - TITLE STATEMENT
Title ახალი ფილოსოფიის ისტორია.ნ.1
245 ## - TITLE STATEMENT
Remainder of title განმანათლებლობა(ფრენსის ბეკონიდან იმანუილ კანტამდე)
245 ## - TITLE STATEMENT
Statement of responsibility, etc. რედ.ნინო ფიფია.საქ.მეცნ.ეროვნული აკადემია
260 ## - PUBLICATION, DISTRIBUTION, ETC.
Place of publication, distribution, etc. თბილისი
260 ## - PUBLICATION, DISTRIBUTION, ETC.
Name of publisher, distributor, etc. გამ–ბა CARDEDIEM
260 ## - PUBLICATION, DISTRIBUTION, ETC.
Date of publication, distribution, etc. 2009
300 ## - PHYSICAL DESCRIPTION
Extent 403გვ.
653 ## - INDEX TERM--UNCONTROLLED
Uncontrolled term ახალი ფილოსოფიის ისტორია
653 ## - INDEX TERM--UNCONTROLLED
Uncontrolled term განმანათლებლობა
653 ## - INDEX TERM--UNCONTROLLED
Uncontrolled term ფილოსოფია
942 ## - ADDED ENTRY ELEMENTS (KOHA)
Koha item type წიგნი
ეგზემპლარები
Withdrawn status Lost status Damaged status Not for loan Date acquired Barcode Date last seen Price effective from Koha item type
        2018-12-17 1618 2018-12-17 2018-12-17 წიგნი